Chefs-d'oeuvre du Louvre - Statistiques

Statistiques générales
  • Ce quiz a été pris 29 fois
  • Le résultat moyen est 7 sur 38
Statistiques - réponses
Par images Réponse % Correct
La Joconde
93%
Le Radeau de la Méduse
93%
La Venus de Milo
89%
La Liberté guidant le peuple
85%
Louis XIV
85%
La Victoire de Samothrace
74%
Les Noces de Cana
52%
La Dentellière
37%
La Grande Odalisque
22%
L'enlèvement des Sabines
22%
Le Sarcophage des époux
19%
Le Scribe accroupi
19%
Le Tricheur à l'as de carreau
15%
Le Couronnement de la Vierge
7%
Cheval de Marly
4%
Frise des archers
4%
Gladiateur Borghèse
4%
Le Lion de Monzon
4%
Le Portrait de l'artiste tenant un chardon
4%
Plaque des Ergastines
4%
Adam et Eve et la chaudière de l'Enfer
0%
Ariane
0%
Cheval retenu par un palefrenier dit Cheval de Marly
0%
Cratère d'Euphronios
0%
Empereur Hadrien
0%
Fauteuil du trône de Napoléon Ier
0%
Impératrice Livie
0%
La Dame en bleu
0%
La femme au miroir
0%
La Prédication de saint Paul à Éphèse
0%
Le Code de Hammurabi
0%
Le Jugement de Paris
0%
L'Empereur triomphant
0%
Marquise de Pompadour
0%
Portrait de jeune femme dite L'Européenne
0%
Sacre de l'empereur Napoléon 1er et couronnement de l'impératrice Joséphine dans la cathédrale Notre-Dame de Paris
0%
Taureau androcéphale ailé
0%
Tête de Kéros
0%
Aucun quiz correspondant
Distribution des résultats
% des personnes avec chaque résultat
Percentile par nombre de réponses
Votre historique - résultats
Vous n’avez pas pris ce quiz